00428nam a22001577a 4500003000400000082001700004100001300021245003200034260004500066300000700111650000800118653000800126942001200134952010700146999001700253SGT a617.63bS23P aPriyanka aStem cells in Oral Medicine aGurugram, HaryanabSGT University c2023 a64 aOMR aOMR 2ddccTH 00102ddc4071aFDbFDd2024-01-23iSGTUl0o617.63 S23PpDT1778r2024-01-23 00:00:00w2024-01-23yTH c25629d25629